000 00285nam a2200133Ia 4500
100 _aBalagurusamy/E
942 _cBK
654 _aProgramming
245 _aProgramming In Basic
260 _bTata McGraw Hill
_aNew Delhi
_c1987
082 _a1.6
300 _a216
546 _aENGLISH
999 _c21242
_d21242